El papel de la actividad metalingüística en el aprendizaje de la escritura

Salvato in:
Dettagli Bibliografici
Autore principale: Camps Mundó, Anna (Autore)
Natura: Libro
Lingua:spagnolo
Pubblicazione: Rosario Homo Sapiens 2000
Serie:Colección Temas Fundamentales
Soggetti:
Tags: Aggiungi Tag
Nessun Tag, puoi essere il primo ad aggiungerne!!

MARC

LEADER 00000nam a2200000 a 4500
001 UCN3361
003 CL-VaPUC
008 010622e20000000AG |||||||||||||||||spa|d
082 0 4 |a 372.623  |b CAM  |2 21 
100 0 |a Camps Mundó, Anna  |e author  |9 459902 
245 1 3 |a El papel de la actividad metalingüística en el aprendizaje de la escritura 
300 |a 274 p 
942 |c BK 
945 |d 20010622 00:00:00  |a vberengu 
260 |a Rosario  |b Homo Sapiens  |c 2000 
650 0 |a Redacción   |9 320524 
650 0 |a Lingüística  |9 265068 
650 0 |a Proceso de comunicación   |9 332060 
650 0 |a Escritura  |9 264941 
650 0 |a Enseñanza de la escritura  |9 307377 
583 |a last modification  |c 20010622 00:00:00  |k Rodrigo Vera 
490 0 |a Colección Temas Fundamentales 
999 |c 296276  |d 296274 
952 |0 0  |1 0  |4 0  |6 372_623000000000000_CAM_2000  |7 0  |8 A  |9 349934  |a FDOPOS  |b FDOPOS  |d 2019-11-20  |i 370064K  |o 372.623 CAM 2000  |p 370064K  |r 2025-01-22  |w 2019-11-20  |y BK  |k MLA 
952 |0 0  |1 0  |4 0  |6 372_623000000000000_CAM_2000  |7 0  |8 A  |9 349935  |a FDOPOS  |b FDOPOS  |d 2019-11-20  |i 3700658  |o 372.623 CAM 2000  |p 3700658  |r 2025-01-22  |w 2019-11-20  |y BK  |k MLA 
952 |0 0  |1 0  |4 0  |6 372_623000000000000_CAM_2000  |7 0  |8 A  |9 349936  |a FDOPOS  |b FDOPOS  |d 2019-11-20  |i 3871827  |o 372.623 CAM 2000  |p 3871827  |r 2025-01-22  |w 2019-11-20  |y BK  |k MLA